Film genres in Hungarian and Romanian cinema : history, theory, and reception /

Bibliographic Details
Main Author: Virginás, Andrea, 1976- (Author)
Format: Book
Language:English
Published: Lanham : Lexington Books, [2021]
Subjects:

MARC

Tag First Indicator Second Indicator Subfields
LEADER 00000cam a2200000 i 4500
001 in00004440521
008 210216s2021 mdua b 0|1 0 eng d
005 20250318220604.3
020 |a 9781793613431 
020 |a 1793613435 
020 |z 9781793613448 (ePub ebook) 
035 |a (OCoLC)on1237632867 
035 |a (OCoLC)1237632867 
040 |a YDX  |b eng  |e rda  |c YDX  |d BDX  |d UKMGB  |d OCLCO  |d OCLCF  |d CDX 
043 |a e-hu---  |a e-rm--- 
050 4 |a PN1993.5.E85  |b V57 2021 
082 0 4 |a 791.4309439  |2 23 
100 1 |a Virginás, Andrea,  |d 1976-  |e author. 
245 1 0 |a Film genres in Hungarian and Romanian cinema :  |b history, theory, and reception /  |c Andrea Virginás. 
264 1 |a Lanham :  |b Lexington Books,  |c [2021] 
300 |a ix, 341 pages :  |b illustrations ;  |c 23 cm 
336 |a text  |b txt  |2 rdacontent 
336 |a still image  |b sti  |2 rdacontent 
337 |a unmediated  |b n  |2 rdamedia 
338 |a volume  |b nc  |2 rdacarrier 
504 |a Includes bibliographical references (pages 307-327) and index. 
650 0 |a Motion pictures  |z Hungary  |x History. 
650 0 |a Motion pictures  |z Romania  |x History. 
650 0 |a Film genres  |z Hungary. 
650 0 |a Film genres  |z Romania. 
650 7 |a Film genres.  |2 fast  |0 (OCoLC)fst00924269 
650 7 |a Motion pictures.  |2 fast  |0 (OCoLC)fst01027285 
651 7 |a Hungary.  |2 fast  |0 (OCoLC)fst01205132 
651 7 |a Romania.  |2 fast  |0 (OCoLC)fst01205085 
655 7 |a History.  |2 fast  |0 (OCoLC)fst01411628 
776 0 8 |i ebook version :  |z 9781793613448 
852 8 |b pda,print  |z This title is available for the library to purchase for your use. Click the "Purchase It For Me" button to place a request. This item may take 5-10 business days to arrive. 
955 |a Print PDA title 
999 f f |s f26cd092-e8ac-46a3-9ef9-7887d8f6bb12  |i 73eab25b-0db5-390b-bee1-abd8de5f5931  |t 0 
952 f f |a Texas A&M University  |b College Station  |c Sterling C. Evans Library  |d Purchase on Demand  |t 0  |e PN1993.5.E85 V57 2021  |h Library of Congress classification 
998 f f |a PN1993.5.E85 V57 2021  |t 0  |l Purchase on Demand